PASCAL PROGRAMMING STRUCTURES AN INTRODUCTION TO SYSTEMATIC PROGRAMMING (Record no. 581675)
[ view plain ]
| 000 -LEADER | |
|---|---|
| fixed length control field | 00321nam a22001217a 4500 |
| 020 ## - INTERNATIONAL STANDARD BOOK NUMBER | |
| International Standard Book Number | 0-8359-5463-3 |
| 082 ## - DEWEY DECIMAL CLASSIFICATION NUMBER | |
| Classification number | 005.133-P CHE'P |
| 100 ## - MAIN ENTRY--PERSONAL NAME | |
| Personal name | CHERRY, G.W |
| 9 (RLIN) | 76281 |
| 245 ## - TITLE STATEMENT | |
| Title | PASCAL PROGRAMMING STRUCTURES AN INTRODUCTION TO SYSTEMATIC PROGRAMMING |
| 260 ## - PUBLICATION, DISTRIBUTION, ETC. | |
| Place of publication, distribution, etc. | VIRGINIA |
| Name of publisher, distributor, etc. | RESTON |
| Date of publication, distribution, etc. | 1980 |
| 300 ## - PHYSICAL DESCRIPTION | |
| Extent | 314P |
| 942 ## - ADDED ENTRY ELEMENTS (KOHA) | |
| Koha item type | Book |
| Withdrawn status | Lost status | Damaged status | Not for loan | Permanent Location | Current Location | Shelving location | Date acquired | Total Checkouts | Full call number | Barcode | Date last seen | Price effective from | Koha item type |
|---|---|---|---|---|---|---|---|---|---|---|---|---|---|
| College of Electrical & Mechanical Engineering (CEME) | College of Electrical & Mechanical Engineering (CEME) | General Stacks | 05/29/2017 | 005.133-P CHE'P | CEME-11805 | 06/28/2021 | 06/28/2021 | Book |
